The democratic corporation a radical prescription for recreating corporate America and rediscovering success /

Bibliographic Details
Main Author: Ackoff, Russell Lincoln, 1919-2009.
Corporate Author: ProQuest (Firm)
Format: Electronic eBook
Language:English
Published: New York : Oxford University Press, 1994.
Subjects:
Online Access:Click to View
LEADER 01308nam a2200337Ia 4500
001 EBC272875
003 MiAaPQ
005 20200520144314.0
006 m o d |
007 cr cn|||||||||
008 930820s1994 nyua sb 001 0 eng d
010 |z  93035403  
020 |z 9780195087277 
035 |a (MiAaPQ)EBC272875 
035 |a (Au-PeEL)EBL272875 
035 |a (CaPaEBR)ebr10278024 
035 |a (CaONFJC)MIL52725 
035 |a (OCoLC)466428400 
040 |a MiAaPQ  |c MiAaPQ  |d MiAaPQ 
050 4 |a HD38  |b .A27 1994 
100 1 |a Ackoff, Russell Lincoln,  |d 1919-2009. 
245 1 4 |a The democratic corporation  |h [electronic resource] :  |b a radical prescription for recreating corporate America and rediscovering success /  |c Russell L. Ackoff. 
260 |a New York :  |b Oxford University Press,  |c 1994. 
300 |a xii, 247 p. :  |b ill. 
504 |a Includes bibliographical references (p. [233]-[239]) and index. 
533 |a Electronic reproduction. Ann Arbor, MI : ProQuest, 2015. Available via World Wide Web. Access may be limited to ProQuest affiliated libraries. 
650 0 |a Industrial management. 
650 0 |a Business. 
655 4 |a Electronic books. 
710 2 |a ProQuest (Firm) 
856 4 0 |u https://ebookcentral.proquest.com/lib/matrademy/detail.action?docID=272875  |z Click to View